Las ciudades latinoamericanas a través de su música.

Furkejuvvon:
Bibliográfalaš dieđut
Materiálatiipa: Dovdameahttun
Giella:Spanish
Fáttát:
Fáddágilkorat: Lasit fáddágilkoriid
Eai fáddágilkorat, Lasit vuosttaš fáddágilkora!

MARC

LEADER 000000000a22000000004500
001 006733
041 0 |a spa 
245 0 4 |a Las ciudades latinoamericanas a través de su música. 
650 4 |a AMERICA LATINA 
650 4 |a MUSICA 
650 4 |a NUEVA TROVA 
650 4 |a CRITICA SOCIAL 
650 4 |a CANCIONES 
773 |d San José, Costa Rica : Editorial de la Universidad de Costa Rica  |t Cien años de literatura hispanoamericana: 1898-1998  |g (1998), páginas 313-335 
942 |c AM 
999 |c 15541  |d 15541